000 00607nam a2200193Ia 4500
005 20260120132411.0
008 008 260114s9999 xx 000 0 eng d
020 _a9780197703878
037 _aEBOOK
040 _aCRL
_beng
_cCRL
041 _aeng
_2eng
084 _qCRL
100 _aEarley
_9938569
245 4 _aThe Transplanted Executive Why You Need to Understand How Workers in Other Countries See the World Differently
260 _bOxford University PressOxford University Press
_c2023
856 _uhttps://academic.oup.com/book/52126
942 _cEBOOK
999 _c1530492
_d1530492